000 00281nam a2200121Ia 4500
005 20260328104324.0
008 260328s9999||||xx |||||||||||||| ||und||
100 _aMunro, George
245 0 _aEcubujo De Chiloe /
_cGeorge Munro
260 _bChile
650 _aDIBUJO
942 _cBK
999 _c11443
_d11443